Datum a čas kvízu
26
Celkem bodů
Celkový počet nahraných bodů na tomto kvízu bez doplňovacích otázek.
5.
Pořadí na kvízu
Konečné umístění týmu na tomto kvízu.
Zaznamenané odpovědi
| # | Otázka | Odpověď | Body | Výsledky |
|---|---|---|---|---|
| 1. | Sociální demokraté si na svém... | Ondřej Veselý, Michal Šmarda, Jana Maláčová, Tomáš Petříček, Roman Onderka | 0 | |
| 2. | Hasiči z hesenského Bensheimu... | krysu | 0 | |
| 3. | Dlouho očekávané tmavé téma do... | Messenger | 1 | |
| 4. | Irský oděvní řetězec, populárn... | Primark | 0 | |
| 5. | Celkové pořadí Světového pohár... | Mikaela Shiffrinová | 1 | |
| 6. | Karlovy Vary, Kutná Hora, Klad... | Klatovy | 1 | |
| 7. | Francium, rubidium, cesium, dr... | lithium (Li) | 1 | |
| 8. | Babiš, Sobotka, Zeman, Topolán... | Josef Tošovský | 1 | |
| 9. | Bohdalová, Kubišová, Rettigová... | Milada Horáková | 0 | |
| 10. | Komedie omylů, Zkrocení zlé že... | Veselé paničky windsorské | 1 |